Xây dựng hệ thống hỗ trợ quản lý cấp huyện chương trình nông thôn mới tại huyện Bình Tân, Vĩnh Long (Luận văn thạc sĩ Khoa học. Chuyên ngành Quản lý đất đai)

Nghiên cứu xây dựng hệ thống hỗ trợ quản lý cấp huyện chương trình nông thôn mới tại huyện Bình Tân, Vĩnh Long

保存先:
書誌詳細
第一著者: Nguyễn, Lê Hiếu Nghĩa
フォーマット: 図書
言語:Undetermined
出版事項: Cần Thơ Đại Học Cần Thơ 2014
主題:
タグ: タグ追加
タグなし, このレコードへの初めてのタグを付けませんか!
Thư viện lưu trữ: Trung tâm Học liệu Trường Đại học Cần Thơ
LEADER 01066nam a2200217Ia 4500
001 CTU_195247
008 210402s9999 xx 000 0 und d
082 |a 338.1 
082 |b Ngh301 
088 |a 60850103 
100 |a Nguyễn, Lê Hiếu Nghĩa 
245 0 |a Xây dựng hệ thống hỗ trợ quản lý cấp huyện chương trình nông thôn mới tại huyện Bình Tân, Vĩnh Long 
245 0 |b (Luận văn thạc sĩ Khoa học. Chuyên ngành Quản lý đất đai) 
245 0 |c Nguyễn Lê Hiếu Nghĩa ; Nguyễn Duy Cần (người hướng dẫn) 
260 |a Cần Thơ 
260 |b Đại Học Cần Thơ 
260 |c 2014 
520 |a Nghiên cứu xây dựng hệ thống hỗ trợ quản lý cấp huyện chương trình nông thôn mới tại huyện Bình Tân, Vĩnh Long 
650 |a Phát triển nông thôn,Rural development 
910 |a Nguyên 
980 |a Trung tâm Học liệu Trường Đại học Cần Thơ